| 000 | 00972nam a22002653a 4500 | ||
|---|---|---|---|
| 005 | 20260415064206.0 | ||
| 008 | 010608s1995 mx fr 000 0 spa d | ||
| 035 | _aUPN01000107836 | ||
| 049 | _aF | ||
| 050 | 4 |
_aLB2305 _bE5.7 no.1 |
|
| 100 | 1 |
_aEwell, Peter T., _d1947- _933477 |
|
| 245 | 1 | 0 |
_aPolicy approaches to evaluation and incentive funding in U.S. and Mexican higher education / _cby Peter T. Ewell an d Rolling Kent. |
| 260 |
_aBoulder, Colo. : _bWICHE : _bCONAHEC, _c1995. |
||
| 300 | _a15 p. | ||
| 440 | 0 |
_aUnderstanding the differences. _pWorking paper ; _vno.1) |
|
| 500 | _a"A Working paper series on higher education in the U:S: and Mexico". | ||
| 650 | 1 | 4 |
_aEducación superior _zMéxico _94968 |
| 650 | 2 | 7 |
_aEducación superior _zEstados Unidos _2 _915203 |
| 650 | 2 | 4 |
_aEvaluación educativa _94298 |
| 650 | 2 | 4 |
_aEducación y Estado _919 |
| 700 | 1 |
_aKent Serna, Rollin, _d1949- _ecomp. _928824 |
|
| 901 | _a173512 | ||
| 902 | _aMEE/pv | ||
| 905 | _aLibro | ||
| 999 |
_c81748 _d81748 |
||